The northernmost settlements with a population of more than 1,000 peop - Statistics

General Stats
  • This quiz has been taken 3 times
  • The average score is 2 of 19
Answer Stats
Country settlements % Correct
Norway Longyearbyen
100%
USA Utqiagvik
67%
Russia Belushya Guba
0%
Russia Chokurdakh
0%
Norway Gamvik
0%
Russia Gyda
0%
Norway Hammerfest
0%
Norway Honningsvag
0%
Russia Kazachye
0%
Russia Khatanga
0%
Russia Kyusyur
0%
Russia Nosok
0%
Canada Pond Inlet
0%
USA Prudhoe Bay
0%
Russia Sabetta
0%
Russia Saskylakh
0%
Russia Seyakha
0%
Russia Tiksi
0%
Russia Yuryung-Khaya
0%
No matching quizzes found
Score Distribution
Percent of People with Each Score
Percentile by Number Answered
Your Score History
You have not taken this quiz